Statistiques concernant 100 Premiers Mots de Harry Potter et le Prisonnier d'Azkaban

Cliquez ici pour prendre le quiz!

Statistiques générales

  • Ce quiz a été pris 265 fois
  • Le résultat moyen est 47 sur 100

Statistiques - réponses

Mot% Correct
Harry
95%
A
90%
à
90%
de
85%
la
83%
il
80%
Potter
80%
un
76%
des
75%
Les
73%
les
73%
était
71%
sorcier.
65%
sa
64%
une
64%
mais
63%
ses
61%
en
60%
son
59%
plus
56%
au
55%
garçon
55%
que
51%
bien
43%
vacances
42%
vacances,
42%
nuit.
41%
dans
39%
lit,
37%
sur
37%
égards,
36%
beau
33%
milieu
32%
yeux.
32%
devoirs
30%
d'été,
29%
Enfin,
28%
faire
28%
livre
28%
Tout
28%
c'était
25%
secret,
25%
comme
24%
période
24%
détestait
23%
l'année
23%
obligé
22%
tenait
22%
allongé
21%
singuliers.
20%
d'abord,
19%
faut
19%
main,
19%
absolument
18%
Ensuite,
16%
lampe
15%
plat
15%
plein
15%
tête
15%
ventre
15%
couvertures
13%
Minuit
13%
tente,
13%
oreiller.
12%
torche
12%
ouvert
10%
approchait.
9%
également
9%
par-dessus
9%
cuir
8%
signaler
8%
tirées
8%
déplaisante
7%
relié
7%

Distribution des résultats

Percentile par nombre de réponses

% des personnes avec chaque résultat

Votre développement - résultats

Vous n’avez pas pris ce quiz